Matrimonio, amor, hijos según la doctrina del Concilio y del postconcilio / (Record no. 113389)
[ view plain ]
| 000 -LEADER | |
|---|---|
| campo de control de longitud fija | 00716nam a2200193 i 4500 |
| 001 - NÚMERO DE CONTROL | |
| campo de control | 113389 |
| 003 - IDENTIFICADOR DE NÚMERO DE CONTROL | |
| campo de control | ES-MaACL |
| 005 - FECHA Y HORA DE LA ÚLTIMA TRANSACCIÓN | |
| campo de control | 20230906185854.0 |
| 007 - CAMPO FIJO DE DESCRIPCIÓN FÍSICA--INFORMACIÓN GENERAL | |
| campo de control de longitud fija | t| |
| 008 - DATOS DE LONGITUD FIJA--INFORMACIÓN GENERAL | |
| campo de control de longitud fija | 061121s1968 sp r ||||1| spa d |
| 100 1# - ENTRADA PRINCIPAL--NOMBRE DE PERSONA | |
| Nombre de persona | Pablo |
| Numeración | VI |
| Títulos y otros términos asociados al nombre | Papa, Santo. |
| 9 (RLIN) | 168351 |
| 245 10 - MENCIÓN DEL TÍTULO | |
| Título | Matrimonio, amor, hijos según la doctrina del Concilio y del postconcilio / |
| Mención de responsabilidad, etc. | papa Pablo VI, Cardenal A. C. Renard ; textos y comentario, Humanae Vitae ; traducción por José María Bernáldez Montalvo. |
| 260 ## - PUBLICACIÓN, DISTRIBUCIÓN, ETC. | |
| Lugar de publicación, distribución, etc. | Madrid : |
| Nombre del editor, distribuidor, etc. | Fax, |
| Fecha de publicación, distribución, etc. | 1968. |
| 300 ## - DESCRIPCIÓN FÍSICA | |
| Extensión | 156 p. ; |
| Dimensiones | 19 cm. |
| 700 1# - ENTRADA AGREGADA--NOMBRE PERSONAL | |
| Nombre de persona | Renard, A. C. |
| 9 (RLIN) | 96171 |
| 700 1# - ENTRADA AGREGADA--NOMBRE PERSONAL | |
| Nombre de persona | Bernáldez Montalvo, José María. |
| 9 (RLIN) | 153063 |
| 710 2# - ENTRADA AGREGADA--NOMBRE DE ENTIDAD CORPORATIVA | |
| Nombre de entidad corporativa o nombre de jurisdicción como elemento de entrada | Humanae Vitae. |
| 9 (RLIN) | 4626 |
| 852 ## - LOCALIZACIÓN | |
| Ubicación | ES-MaACL |
| Número de control de estantería | C-51427 |
| Sublocalización o colección | R.68085 |
| Estatus retirado | Estado de pérdida | Estado de daño | No para préstamo | Biblioteca de origen | Biblioteca actual | Ubicación en estantería | Fecha de adquisición | Fuente de adquisición | Total de préstamos | Signatura topográfica completa | Código de barras | Visto por última vez | Precio de reemplazo | Tipo de ítem Koha |
|---|---|---|---|---|---|---|---|---|---|---|---|---|---|---|
| Biblioteca del Ateneo de Madrid | Biblioteca del Ateneo de Madrid | Depósito 2 | 17/01/2008 | C-51427 | 1118264 | 23/02/2023 | 23/02/2023 | Libro impreso |
